Largest Cities by County (Wisconsin) Quiz Stats

 Plays Quiz not verified by Sporcle

Challenge
Share
Tweet
Embed
Score 0/214 Timer 15:00
0 Plays Today
County City/Town % Correct
MilwaukeeMilwaukee
95%
BrownGreen Bay
94.5%
DaneMadison
94.5%
Eau ClaireEau Claire
92.5%
La CrosseLa Crosse
92.5%
CalumetAppleton
91.5%
KenoshaKenosha
91.5%
OutagamieAppleton
91.5%
RacineRacine
91.5%
AshlandAshland
91%
Fond du LacFond du Lac
91%
SheboyganSheboygan
90.5%
WaukeshaWaukesha
89.4%
ManitowocManitowoc
87.4%
MarinetteMarinette
87.4%
WinnebagoOshkosh
86.9%
MarathonWausau
86.4%
WaupacaWaupaca
86.4%
ChippewaChippewa Falls
85.4%
PortageStevens Point
84.9%
RockJanesville
84.9%
DouglasSuperior city
84.4%
DouglasSuperior town
84.4%
ShawanoShawano
84.4%
ColumbiaPortage
83.4%
KewauneeKewaunee
83.4%
OcontoOconto
82.9%
DoorSturgeon Bay
82.4%
RockBeloit city
82.4%
RockBeloit town
82.4%
GreenMonroe
81.4%
RichlandRichland
81.4%
OneidaRhinelander
80.9%
MilwaukeeWest Allis
79.4%
WoodWisconsin Rapids
79.4%
BarronRice Lake city
78.9%
BarronRice Lake town
78.9%
WinnebagoNeenah
78.9%
GrantPlatteville
78.4%
OzaukeePort Washington
77.4%
DodgeBeaver Dam
76.9%
DodgeWatertown
75.9%
FlorenceFlorence
75.9%
JeffersonWatertown
75.9%
St. CroixHudson city
75.9%
St. CroixHudson town
75.9%
WashingtonWest Bend
75.9%
SaukBaraboo
75.4%
WalworthWhitewater
74.9%
MenomineeMenominee
73.9%
BarronBarron
73.4%
MonroeTomah
73.4%
WoodMarshfield
73.4%
DunnMenomonie city
72.9%
DunnMenomonie town
72.9%
CrawfordPrairie du Chien
71.9%
JeffersonFort Atkinson
71.4%
BayfieldWashburn
70.4%
DaneSun Prairie
70.4%
LangladeAntigo city
70.4%
LangladeAntigo town
70.4%
MonroeSparta city
70.4%
MonroeSparta town
70.4%
MilwaukeeWauwatosa
69.8%
OzaukeeMequon
69.8%
PierceRiver Falls
69.3%
RichlandRichland Center
69.3%
WinnebagoMenasha
68.8%
LincolnMerrill city
67.8%
LincolnMerrill town
67.8%
JeffersonJefferson
67.3%
La CrosseOnalaska
67.3%
County City/Town % Correct
WaukeshaNew Berlin
67.3%
BrownDe Pere
66.3%
ManitowocTwo Rivers
65.8%
PepinPepin
65.3%
WalworthElkhorn
65.3%
IowaDodgeville city
63.8%
IowaDodgeville town
63.8%
KenoshaPleasant Prairie
63.8%
KewauneeAlgoma
63.8%
OutagamieKaukauna
61.8%
AdamsAdams
60.8%
JacksonAdams
60.8%
SheboyganSheboygan Falls
60.3%
MarinettePeshtigo town
59.8%
MarinettePeshtigo city
59.8%
VernonViroqua city
59.8%
VernonViroqua town
59.8%
WausharaWautoma
59.8%
DodgeWaupun
58.8%
WalworthDelavan
58.8%
BrownHoward
57.8%
BuffaloBuffalo City
57.8%
Fond du LacRipon
57.8%
LincolnTomahawk
57.3%
ChippewaLafayette
54.8%
Eau ClaireAltoona
54.3%
SaukReedsburg
53.3%
Green LakeBerlin
52.8%
Fond du LacNorth Fond du Lac
51.3%
JuneauMauston
50.3%
WaupacaNew London
50.3%
GreenNew Glarus
47.7%
JacksonBlack River Falls
47.7%
BayfieldIron River
46.2%
SawyerHayward town
46.2%
SawyerHayward city
46.2%
PortagePlover
44.7%
WaukeshaBrookfield
44.7%
DaneFitchburg
44.2%
SaukPrairie du Sac
43.7%
WashingtonGermantown
43.2%
Eau ClaireWashington
42.7%
ShawanoWashington
42.7%
TrempealeauArcadia city
42.2%
TrempealeauArcadia town
42.2%
CalumetChilton
41.7%
IronHurley
41.2%
OzaukeeGrafton
41.2%
VilasLac du Flambeau
40.7%
ColumbiaColumbus
39.2%
OcontoLittle Suamico
38.2%
PricePark Falls
38.2%
RacineMount Pleasant
38.2%
MarathonWeston
37.7%
TaylorMedford city
37.7%
TaylorMedford town
37.7%
St. CroixNew Richmond
37.2%
WashingtonHartford
37.2%
PricePhillips
36.7%
RuskGrant
36.7%
GrantLancaster
36.2%
SheboyganPlymouth
36.2%
ForestCrandon
35.7%
RacineCaledonia
35.2%
ClarkNeillsville
34.2%
MarquetteMontello
34.2%
RuskLadysmith
34.2%
VilasLincoln
34.2%
WashburnSpooner
34.2%
RuskFlambeau
33.7%
OutagamieGrand Chute
33.2%
PepinDurand
33.2%
County City/Town % Correct
IowaMineral Point
32.7%
JuneauNew Lisbon
32.7%
ClarkAbbotsford
32.2%
La CrosseHolmen
31.7%
PolkAmery
31.2%
BuffaloMondovi
30.7%
ColumbiaLodi
30.7%
OneidaMinocqua
30.2%
MarquettePackwaukee
29.6%
PierceEllsworth
29.6%
LafayetteDarlington
29.1%
PolkOsceola
29.1%
ChippewaLake Hallie
28.1%
ManitowocKiel
27.6%
TrempealeauGale
27.6%
WashburnShell Lake
27.6%
BuffaloFountain City
26.1%
ClarkThorp
25.6%
JuneauNecedah
25.6%
KewauneeLuxemburg
25.6%
VernonWestby
25.6%
ForestLaona
25.1%
BurnettGrantsburg village
24.6%
BurnettGrantsburg town
24.6%
ForestWabeno
24.6%
GrantBoscobel
24.6%
IronMontreal
24.1%
MarathonKronenwetter
24.1%
MarquetteWestfield
23.6%
WoodGrand Rapids
23.6%
AdamsRome
23.1%
DoorSevastopol
23.1%
WaupacaClintonville
23.1%
Green LakeMarkesan
22.6%
PiercePrescott
22.6%
CalumetHarrison
22.1%
KenoshaSalem
22.1%
LafayetteBelmont
22.1%
VilasArbor Vitae
21.6%
GreenBrodhead
20.6%
WausharaRedgranite
20.1%
CrawfordBridgeport
19.6%
LafayetteShullsburg
19.6%
PortageHull
19.1%
Green LakeBrooklyn
18.6%
DunnTainter
18.1%
FlorenceAurora
18.1%
FlorenceCommonwealth
17.6%
IronMercer
17.1%
RichlandBuena Vista
17.1%
LangladeRolling
16.6%
DoorNasewaupee
16.1%
WausharaMarion
16.1%
OneidaPelican
15.6%
AshlandWhite River
15.1%
PriceWorcester
15.1%
AshlandSanborn
14.6%
CrawfordClayton
14.6%
OcontoChase
14.6%
BayfieldRussell
14.1%
PepinWaterville
14.1%
TaylorLittle Black
14.1%
ShawanoWescott
13.6%
AdamsNew Chester
13.1%
JacksonBrockway
13.1%
WashburnEvergreen
12.6%
SawyerBass Lake
12.1%
BurnettMeenon
11.6%
PolkAlden
11.1%
DouglasParkland
9.5%

You're not logged in!

Compare scores with friends on all Sporcle quizzes.
OR
Log In

You Might Also Like...

Show Comments

Extras

Top Quizzes Today


Score Distribution

Your Account Isn't Verified!

In order to create a playlist on Sporcle, you need to verify the email address you used during registration. Go to your Sporcle Settings to finish the process.

Report this User

Report this user for behavior that violates our Community Guidelines.

Details: